فاعلية إستراتيجية(K.W.L) في تحسين الفهم القرائي لدى الطلبة ذوي صعوبات التعلم = The Effectiveness of ( K.W.L) Strategy in Improving Reading Comprehension Among Students with Learning Disabilities / (Record no. 33310)
[ view plain ]
| 000 -LEADER | |
|---|---|
| fixed length control field | 01147nam a22002057a 4500 |
| 003 - CONTROL NUMBER IDENTIFIER | |
| control field | JO-AjAnu |
| 005 - DATE AND TIME OF LATEST TRANSACTION | |
| control field | 20240605112007.0 |
| 008 - FIXED-LENGTH DATA ELEMENTS--GENERAL INFORMATION | |
| fixed length control field | 240311b jo ||||| |||| 00| 0 ara d |
| 040 ## - CATALOGING SOURCE | |
| Original cataloging agency | JO-AjAnu |
| Language of cataloging | ara |
| Transcribing agency | JO-AjAnu |
| Modifying agency | JO-AjAnu |
| 041 ## - LANGUAGE CODE | |
| Language code of text/sound track or separate title | ara |
| Language code of original | ara |
| 050 ## - LIBRARY OF CONGRESS CALL NUMBER | |
| Classification number | LC4704.87 |
| Item number | 2024 |
| 100 ## - MAIN ENTRY--PERSONAL NAME | |
| Personal name | القواسمة، لينا علي |
| Relator term | اعداد |
| 9 (RLIN) | 65048 |
| 245 ## - TITLE STATEMENT | |
| Title | فاعلية إستراتيجية(K.W.L) في تحسين الفهم القرائي لدى الطلبة ذوي صعوبات التعلم = The Effectiveness of ( K.W.L) Strategy in Improving Reading Comprehension Among Students with Learning Disabilities / |
| Statement of responsibility, etc. | اعداد لينا على القواسمة ؛ اشراف ريم عبدالله الكناني |
| 260 ## - PUBLICATION, DISTRIBUTION, ETC. | |
| Date of publication, distribution, etc. | 2024 |
| 300 ## - PHYSICAL DESCRIPTION | |
| Extent | 111 ورقة |
| 500 ## - GENERAL NOTE | |
| General note | رسالة جامعية (ماجستير في التربية الخاصة) - (جامعة عجلون) كلية العلوم التربوية،صعوبات التعلم،(عجلون،الاردن)،2024 |
| 650 #0 - SUBJECT ADDED ENTRY--TOPICAL TERM | |
| Topical term or geographic name entry element | صعوبات القراءة-صعوبات التعلم |
| 9 (RLIN) | 65052 |
| 700 ## - ADDED ENTRY--PERSONAL NAME | |
| Personal name | الكناني، ريم عبدالله |
| Relator term | مشرف |
| 9 (RLIN) | 64923 |
| 942 ## - ADDED ENTRY ELEMENTS (KOHA) | |
| Source of classification or shelving scheme | Library of Congress Classification |
| Koha item type | Thesis |
| Suppress in OPAC | No |
| Withdrawn status | Lost status | Source of classification or shelving scheme | Damaged status | Not for loan | Home library | Current library | Date acquired | Total Checkouts | Full call number | Barcode | Date last seen | Price effective from | Koha item type |
|---|---|---|---|---|---|---|---|---|---|---|---|---|---|
| Library of Congress Classification | مكتبة جامعة عجلون الوطنية | مكتبة جامعة عجلون الوطنية | 11/03/2024 | LC4704.87 2024 | A29817 | 11/03/2024 | 11/03/2024 | Thesis | |||||
| Library of Congress Classification | مكتبة جامعة عجلون الوطنية | مكتبة جامعة عجلون الوطنية | 11/03/2024 | LC4704.872024 | A29816 | 11/03/2024 | 11/03/2024 | Thesis |